Longest Books in the Bible - Statistics

General Stats
  • This quiz has been taken 54 times
  • The average score is 10 of 20
Answers on the Grid
Answers color-coded by a green-red scale on the quiz's grid according to % correct below.
Genesis
Exodus
Leviticus
Numbers
Deuteronomy
Joshua
Judges
Ruth
1 Samuel
2 Samuel
1 Kings
2 Kings
1 Chronicles
2 Chronicles
Ezra
Nehemiah
Tobit
Judith
Esther
1 Maccabees
2 Maccabees
Job
Psalms
Proverbs
Ecclesiastes
Song of Songs
Wisdom of Solomon
Sirach
Isaiah
Jeremiah
Lamentations
Baruch
Ezekiel
Daniel
Hosea
Joel
Amos
Obadiah
Jonah
Micah
Nahum
Habakkuk
Zephaniah
Haggai
Zechariah
Malachi
Matthew
Mark
Luke
John
Acts
Romans
1 Corinthians
2 Corinthians
Galatians
Ephesians
Philippians
Colossians
1 Thessalonians
2 Thessalonians
1 Timothy
2 Timothy
Titus
Philemon
Hebrews
James
1 Peter
2 Peter
1 John
2 John
3 John
Jude
Revelation
 
Answer Stats
Answer % Correct
1533 verses Genesis
91%
2526 verses Psalms
80%
959 verses Deuteronomy
77%
1213 verses Exodus
77%
859 verses Leviticus
70%
1289 verses Numbers
66%
1071 verses Matthew
64%
1291 verses Isaiah
52%
1364 verses Jeremiah
50%
879 verses John
50%
1006 verses Acts
41%
915 verses Proverbs
41%
1068 verses Job
39%
1151 verses Luke
39%
943 verses 1 Chronicles
34%
817 verses 1 Kings
32%
1271 verses Ezekiel
30%
821 verses 2 Chronicles
27%
922 verses 1 Maccabees
14%
1372 verses Sirach
5%
No matching quizzes found
Score Distribution
Percent of People with Each Score
Percentile by Number Answered
Your Score History
You have not taken this quiz